| 000 | 00776nam a22002417a 4500 | ||
|---|---|---|---|
| 999 |
_c2587 _d2587 |
||
| 003 | AR-CdUCM | ||
| 008 | 190305b ||||| |||| 00| 0 spa d | ||
| 020 | _a8482807099 | ||
| 040 |
_aMUNICIPALIDAD PROVINCIAL DEL CUSCO _cBIBLIOTECA MUNICIPAL DEL CUSCO |
||
| 082 |
_a828.9 / _bC81 |
||
| 100 |
_aDoyle, Arthur Conan _99138 |
||
| 245 | _aEl regreso de Sherlock Holmes / | ||
| 260 |
_bOveja Negra : _bAndina S.A., _c1984. |
||
| 300 |
_a222 páginas ; _c19 cm. |
||
| 440 |
_aGrandes Aventuras _n : 9. _99139 |
||
| 650 |
_aNarrativa Inglesa _9434 |
||
| 650 |
_aHerlock Holmes -- Personaje _99140 |
||
| 650 |
_aLiteratura de detectives _99141 |
||
| 650 |
_aSiglo XX _98 |
||
| 700 |
_aSalcedo, Pufo G. (Traductor) _99142 |
||
| 942 |
_2ddc _cLIBROS |
||
| 945 |
_alccs _d2019-03-05 |
||